01318nab a22002417a 4500003000400000005001700004008004100021040000700062100002300069245015300092260007200245300001400317500005000331505021600381505012300597505009000720650002000810650002700830650002500857650003100882650003000913773013300943OSt20260115221539.0190605e xxu||||| |||| 00| 0 spa d cPJ aSfeir, Santiago L.10a Aspectos laborales del contrato de franquicia y la tergiversación de la responsabilidad solidaria derivada del art. 30 LCT /cSantiago L. Sfeir.  aCiudad Autónoma de Buenos Aires :bThomson Reuters La Ley,c2025. ap. 98-102 aCita Online: Cita: TR LALEY AR/DOC/368/2025. aSumario: I. Antecedentes fácticos del caso.— II. El contrato de franquicia y las relaciones laborales.— III. La figura del art. 30 LCT y su aplicación al caso de la franquicia.— IV. Palabras finales.  aFallo comentado: CNTrab., sala VIII ~ 15/11/2024 ~ Martínez, Nahir c. Café Seis Hermanos S.A. y otros s/ despido. t¿Te interesa el texto completo? Solicitalo al correo: koha@justierradelfuego.gov.ar  0aDERECHO LABORAL 0aCONTRATO DE FRANQUICIA 0aRELACIONES LABORALES 0aLEY DE CONTRATO DE TRABAJO 0aRESPONSABILIDAD SOLIDARIA0 02711dCiudad Autónoma de Buenos Aires : Thomson Reuters La Ley, 1999-2002.tRevista de derecho del trabajo. Nº 2 - Marzo 2025